书目信息 |
| 题名: |
忧患集
|
|
| 作者: | 刘扬烈, 著 | |
| 分册: | ||
| 出版信息: | 贵阳 贵州人民出版社 2018 |
|
| 页数: | 601页 | |
| 开本: | 22cm | |
| 丛书名: | 贵州学者文丛 | |
| 单 册: | ||
| 中图分类: | I206.6-53 , I206.7-53 | |
| 科图分类: | ||
| 主题词: | 中国文学--zhong guo wen xue--现代文学--文学研究--文集 , 中国文学--zhong guo wen xue--当代文学--文学研究--文集 | |
| 电子资源: | ||
| ISBN: | 978-7-221-14573-4 | |
| 000 | 01282nam 2200337 45 | |
| 001 | 012001010025 | |
| 005 | 20140102102310.0 | |
| 010 | @a978-7-221-14573-4@b精装@dCNY60.00 | |
| 099 | @aCAL 012018194744 | |
| 100 | @a20181219d2018 em y0chiy50 ea | |
| 101 | 0 | @achi |
| 102 | @aCN@b520000 | |
| 105 | @ay a 000yy | |
| 106 | @ar | |
| 200 | 1 | @a忧患集@Ayou huan ji@e刘扬烈文选@f刘扬烈著 |
| 210 | @a贵阳@c贵州人民出版社@d2018 | |
| 215 | @a601页@d22cm | |
| 225 | 2 | @a贵州学者文丛@Agui zhou xue zhe wen cong@h第一辑 |
| 300 | @a本书获2017年贵州省出版传媒事业发展专项资金资助 | |
| 314 | @a刘扬烈, 1935年春出生于贵州省松桃县, 苗族。1957年毕业于重庆西南师范学院中文系, 留校任教。 | |
| 320 | @a有书目 | |
| 330 | @a本书分为总序; 代序, 儒家忧患意识与中国知识分子; 第一部分, 鲁迅研究; 第二部分, “七月派”研究; 第三部分, 中国新诗研究; 第四部分, 现当代文学评论。 | |
| 410 | 0 | @12001 @a贵州学者文丛@h第一辑 |
| 517 | 1 | @a刘扬烈文选@Aliu yang lie wen xuan |
| 606 | 0 | @a中国文学@Azhong guo wen xue@x现代文学@x文学研究@j文集 |
| 606 | 0 | @a中国文学@Azhong guo wen xue@x当代文学@x文学研究@j文集 |
| 690 | @aI206.6-53@v5 | |
| 690 | @aI206.7-53@v5 | |
| 701 | 0 | @a刘扬烈,@Aliu yang lie@f1935-@4著 |
| 801 | 0 | @aCN@b上海新华@c20191020 |
| 905 | @b1135339-41@dI206.6-53@e241@f3 | |
| 忧患集:刘扬烈文选/刘扬烈著.-贵阳:贵州人民出版社,2018 |
| 601页;22cm.-(贵州学者文丛.第一辑) |
| 本书获2017年贵州省出版传媒事业发展专项资金资助 |
| ISBN 978-7-221-14573-4(精装):CNY60.00 |
| 本书分为总序; 代序, 儒家忧患意识与中国知识分子; 第一部分, 鲁迅研究; 第二部分, “七月派”研究; 第三部分, 中国新诗研究; 第四部分, 现当代文学评论。 |
| ● |
| 相关链接 |
|
|
|
|
正题名:忧患集
索取号:I206.6-53/241
 
预约/预借
| 序号 | 登录号 | 条形码 | 馆藏地/架位号 | 状态 | 备注 |
| 1 | 1135339 | 211353391 | 第一样本阅览室/ [索取号:I206.6-53/241] | 在馆 | |
| 2 | 1135340 | 211353408 | 第二借阅区/ [索取号:I206.6-53/241] | 在馆 | |
| 3 | 1135341 | 211353417 | 第二借阅区/ [索取号:I206.6-53/241] | 在馆 |